000
00274nam a2200121Ia 4500
008
190216s9999||||xx |||||||||||||| ||und||
100
_a
Dudley G Luckett
245
0
_a
Money And Banking
260
_b
Mcgraw -hill
_c
1985
300
_a
584p
650
_a
Economics
942
_c
BK
999
_c
9776
_d
9776